000 00628nam a2200205Ia 4500
003 BUBTL
008 151213s9999 xx 000 0 und d
020 _a0312552602
082 _a332.67314/ Er27m/ 1985
100 _a Erdilek, Asim
_92749
245 _aMultinational As Multi invaders : Into Industry Direct Foreign Investment/
_cAsim Erdilek
260 _aNew York
_bS, T,Narfinis Press
_cc1985
300 _a217p.:
_bTable;21cm.
_cFinance.
500 _aIncludes Index
650 _aFinance
_92750
700 _aAsim Erdilek
_92751
856 _k0
_l0
_yDownload
942 _2ddc
_cBK
999 _c2030
_d2030